000
00402nam a22001697a 4500
003
MPLRDC
005
20220104144350.0
008
210129b ||||| |||| 00| 0 eng d
082
_a
848.1 LX-64
100
_a
曹聚仁著
245
_a
鲁讯评传
_c
250
_a
第一版
260
_a
_b
香港新文化出版社
_c
1973
300
_b
平
650
_a
现代别集
942
_c
BK
_o
848.1 LX-64
999
_c
48905
_d
48895